| 000 | 00528nam a2200133 a 4500 | ||
|---|---|---|---|
| 008 | 120416s1997 ||||||||||||||||| || u | ||
| 020 | _a093570275X | ||
| 050 | _aQC 39 Tay | ||
| 100 | _aTaylor, J. R | ||
| 245 | 1 | 3 | _aAn introduction to error analysis: the study of uncertainties in physical measurements |
| 260 |
_aSansalito, CA _bUniversity Science Books _c1997 |
||
| 350 | _a0.00 | ||
| 995 |
_D0.00 _FCBU-MAIN LIBRARY (Kitwe) _H1 _I0.00 _M1 _UDAMAGED _ZMain Library Open Access Collection |
||
| 999 |
_c47740 _d47740 |
||